[Event "GER-ch 88th"]
[Site "Apolda"]
[Date "2017.06.25"]
[Round "3"]
[White "Hoefelsauer, Thomas"]
[Black "Prenzler, Daniel"]
[Result "1/2-1/2"]
[WhiteElo "2395"]
[BlackElo "2210"]
[EventDate "2017.06.23"]
[PlyCount "191"]

1. d4 Nf6 2. Nf3 c5 3. c4 cxd4 4. Nxd4 Nc6 5. g3 g6 6. Bg2 Bg7 7. O-O O-O 8. Nc3 a6 9. c5 Qc7 10. Nb3 Rd8 11. Bf4 d6 12. cxd6 exd6 13. Bg5 Re8 14. Rc1 Be6 15. Nd4 Rac8 16. Nxe6 fxe6 17. Bf4 Rcd8 18. Qb3 Qe7 19. Rfd1 d5 20. Qb6 Qb4 21. Bc7 Rc8 22. Qxb4 Nxb4 23. Bd6 Bf8 24. Bxf8 Kxf8 25. e4 dxe4 26. Nxe4 Rxc1 27. Rxc1 Nxe4 28. Bxe4 Nxa2 29. Rc7 Re7 30. Rxb7 Rxb7 31. Bxb7 Nb4 32. Be4 Ke7 33. f4 Kd6 34. Kf2 Kc5 35. Ke3 Kc4 36. h4 Kb3 37. h5 gxh5 38. Bxh7 Kxb2 39. Bg8 Nd5+ 40. Kd4 Nc7 41. Ke5 a5 42. Kd6 Nb5+ 43. Kxe6 Nd4+ 44. Ke5 Nb3 45. f5 a4 46. f6 a3 47. f7 a2 48. f8=Q a1=Q 49. Qb4 Kc2+ 50. Kf5 Nd4+ 51. Ke4 Qh1+ 52. Kxd4 Qg1+ 53. Kc4 Qxg3 54. Bh7+ Kd1 55. Be4 Qe3 56. Qd6+ Ke1 57. Bd3 Kf2 58. Qh2+ Kf3 59. Qxh5+ Kg3 60. Qg6+ Kf2 61. Qf6+ Kg3 62. Bf5 Qd2 63. Be4 Qf4 64. Qg7+ Qg4 65. Qc3+ Kh4 66. Qe5 Qe2+ 67. Kc5 Qe3+ 68. Kc6 Qh6+ 69. Kd5 Qd2+ 70. Ke6 Qh6+ 71. Kd7 Qd2+ 72. Ke8 Qe3 73. Kf7 Qf2+ 74. Bf5 Kg5 75. Qe7+ Kf4 76. Qe4+ Kg3 77. Kg6 Qf4 78. Qe2 Qd6+ 79. Kh5 Qc5 80. Qe4 Kf2 81. Kg4 Qe3 82. Qb4 Qg3+ 83. Kh5 Qe5 84. Kg5 Qe3+ 85. Kh5 Qe5 86. Kg6 Ke3 87. Qb3+ Kf2 88. Qc2+ Qe2 89. Qc1 Qe3 90. Qb1 Qg3+ 91. Kh5 Qf3+ 92. Bg4 Qf7+ 93. Kg5 Qg7+ 94. Kf4 Qf6+ 95. Qf5 Qxf5+ 96. Bxf5 1/2-1/2

[Event "GER-ch 88th"]
[Site "Apolda"]
[Date "2017.06.25"]
[Round "3"]
[White "Huschenbeth, Niclas"]
[Black "Kollars, Dmitrij"]
[Result "1/2-1/2"]
[WhiteElo "2585"]
[BlackElo "2510"]
[EventDate "2017.06.23"]
[PlyCount "80"]

1. d4 Nf6 2. Bf4 g6 3. Nc3 d5 4. e3 Bg7 5. h4 c6 6. Be2 h6 7. Qd2 Nbd7 8. g4 b5 9. a3 Nb6 10. Be5 a5 11. f3 Nbd7 12. Bh2 Bb7 13. Nh3 Nb6 14. Be5 Kf8 15. Bd3 Nfd7 16. Bxg7+ Kxg7 17. Qh2 b4 18. Ne2 c5 19. h5 Qb8 20. dxc5 Qxh2 21. Rxh2 Nxc5 22. hxg6 fxg6 23. f4 e5 24. fxe5 Nbd7 25. Nd4 Nxe5 26. Be2 Ba6 27. Rg2 Rhe8 28. Bxa6 Rxa6 29. axb4 axb4 30. Rxa6 Nxa6 31. Nf4 Nc7 32. b3 Nf7 33. Ke2 Ng5 34. Nd3 Nce6 35. Nc6 d4 36. Ncxb4 Nc7 37. Rg3 Ne4 38. Rf3 Ng5 39. Rg3 Ne4 40. Rf3 Ng5 1/2-1/2

[Event "GER-ch 88th"]
[Site "Apolda"]
[Date "2017.06.25"]
[Round "3"]
[White "Kalinitschew, Sergey"]
[Black "Schmitt, Philipp"]
[Result "1-0"]
[WhiteElo "2426"]
[BlackElo "2174"]
[EventDate "2017.06.23"]
[PlyCount "91"]

1. c4 e6 2. Nc3 d5 3. d4 Bb4 4. cxd5 exd5 5. Bf4 Nf6 6. e3 O-O 7. Bd3 Nbd7 8. Nf3 c5 9. O-O c4 10. Bb1 Bxc3 11. bxc3 Re8 12. Nd2 Qa5 13. Qc2 g6 14. f3 Nb6 15. e4 Na4 16. Rc1 Bd7 17. Be5 Re6 18. exd5 Qxd5 19. Ne4 Nxe4 20. fxe4 Qa5 21. Bg3 Qg5 22. Re1 Rb6 23. Qc1 Qxc1 24. Rxc1 Rb2 25. Be1 Re8 26. Rc2 Rb6 27. Rf2 f6 28. Bc2 Kg7 29. Bd2 Nb2 30. Raf1 Ba4 31. Bxa4 Nxa4 32. e5 Rb2 33. g4 Kg8 34. exf6 Kf7 35. d5 Rxa2 36. Rb1 Nb6 37. d6 Rd8 38. Re1 Rxd2 39. Re7+ Kf8 40. Rxd2 Rd7 41. g5 a5 42. Rde2 Rxd6 43. Re8+ Kf7 44. R8e7+ Kf8 45. Re8+ Kf7 46. R2e7# 1-0

[Event "GER-ch 88th"]
[Site "Apolda"]
[Date "2017.06.25"]
[Round "3"]
[White "Kersten, Uwe"]
[Black "Dobierzin, Olaf"]
[Result "1/2-1/2"]
[WhiteElo "2257"]
[BlackElo "2020"]
[EventDate "2017.06.23"]
[PlyCount "107"]

1. d4 Nf6 2. Bf4 g6 3. e3 Bg7 4. Nf3 d6 5. Be2 Nbd7 6. O-O O-O 7. h3 c5 8. Nc3 b6 9. d5 Ne8 10. a4 a6 11. Re1 Ne5 12. Nd2 Bd7 13. Bg3 f5 14. f4 Nf7 15. Bh4 Bf6 16. Bxf6 Nxf6 17. e4 fxe4 18. Ndxe4 Nxe4 19. Nxe4 b5 20. axb5 axb5 21. Rxa8 Qxa8 22. Qd2 b4 23. Bc4 Qb7 24. Nf2 Re8 25. b3 Qc8 26. Qe2 Qb7 27. Kh2 Nh6 28. g4 Kg7 29. Kg3 Nf7 30. Qd2 Kg8 31. Re3 Kg7 32. Qe1 Kf8 33. Qe2 Qb6 34. h4 Nh6 35. Qf3 Kg7 36. Qe2 Kf8 37. Qd3 Kg7 38. Re4 Qb7 39. Qe2 Kf8 40. Qd2 Kg7 41. Re1 Qc8 42. Qe2 Qb7 43. Ra1 Kf8 44. Qd2 Kg7 45. Qe1 Kf8 46. Qc1 Kg8 47. Qh1 Kg7 48. Ra5 Rb8 49. Qa1+ Kg8 50. Ra7 Qc8 51. Ba6 Qd8 52. Bb7 Nxg4 53. Bc6 Nf6 54. Bxd7 1/2-1/2

[Event "GER-ch 88th"]
[Site "Apolda"]
[Date "2017.06.25"]
[Round "3"]
[White "Kolbus, Dietmar"]
[Black "Buhmann, Rainer"]
[Result "1/2-1/2"]
[WhiteElo "2306"]
[BlackElo "2588"]
[EventDate "2017.06.23"]
[PlyCount "102"]

1. c4 e6 2. Nf3 d5 3. d4 Nf6 4. Nc3 c6 5. e3 Nbd7 6. Qc2 Bd6 7. Be2 O-O 8. O-O dxc4 9. Bxc4 e5 10. Re1 b5 11. Bd3 Bb7 12. Ne4 Nxe4 13. Bxe4 g6 14. dxe5 Nxe5 15. Nxe5 Bxe5 16. Bd2 Re8 17. Bf3 Qc7 18. h3 c5 19. Bxb7 Qxb7 20. Bc3 Rad8 21. Red1 Rd5 22. Rxd5 Qxd5 23. Bxe5 Qxe5 24. Rd1 a6 25. a4 h5 26. axb5 axb5 27. b3 Rc8 28. Qd3 c4 29. bxc4 bxc4 30. Qd4 Qa5 31. Ra1 Qb4 32. Rc1 Qb3 33. Qd7 Qb8 34. Qd4 Qb4 35. Qd7 Qc5 36. Rc3 h4 37. Qg4 g5 38. Kf1 Kg7 39. Ke2 Kg6 40. Qe4+ Kf6 41. f4 Kg7 42. Kf3 gxf4 43. Qd4+ Qxd4 44. exd4 Kf6 45. Ke4 Ke6 46. d5+ Kd6 47. Kd4 Rc5 48. Rxc4 Rxd5+ 49. Ke4 Rg5 50. Rc2 Rg3 51. Kxf4 Ke6 1/2-1/2

[Event "GER-ch 88th"]
[Site "Apolda"]
[Date "2017.06.25"]
[Round "3"]
[White "Langheinrich, Ferenc"]
[Black "Keymer, Vincent"]
[Result "0-1"]
[WhiteElo "2364"]
[BlackElo "2411"]
[EventDate "2017.06.23"]
[PlyCount "114"]

1. Nf3 d5 2. g3 c6 3. Bg2 Bg4 4. b3 Nd7 5. Bb2 Ngf6 6. O-O e6 7. d3 Bd6 8. Nbd2 O-O 9. h3 Bh5 10. e4 e5 11. g4 Bg6 12. Nh4 Re8 13. Nf5 Bf8 14. Re1 Qc7 15. Qf3 Nc5 16. Qg3 dxe4 17. d4 Qd7 18. dxe5 Nxg4 19. Nxe4 Nxe4 20. Bxe4 Bxf5 21. Rad1 Qe6 22. hxg4 Bxg4 23. Rd3 Bf5 24. Bxf5 Qxf5 25. Red1 Re6 26. Qf3 Qg6+ 27. Qg3 Qxg3+ 28. Rxg3 g6 29. f4 Bc5+ 30. Kg2 Kf8 31. b4 Bb6 32. Rgd3 Ke8 33. c4 Rd8 34. c5 Rxd3 35. Rxd3 Bc7 36. Rh3 h5 37. Kf3 Re7 38. Bd4 Rd7 39. Ke4 Ke7 40. a4 Ke6 41. Rf3 Bd8 42. b5 h4 43. bxc6 bxc6 44. Rb3 f5+ 45. exf6 Bxf6 46. Be3 Rh7 47. Rd3 Be7 48. Bg1 Rh5 49. Rc3 h3 50. Bh2 Rxc5 51. Rxh3 Rc4+ 52. Kd3 Rxa4 53. Rh7 a5 54. Kc2 Bf6 55. Kd3 Rd4+ 56. Ke3 a4 57. Rc7 Rc4 0-1

[Event "GER-ch 88th"]
[Site "Apolda"]
[Date "2017.06.25"]
[Round "3"]
[White "Meier, Georg"]
[Black "Jahncke, Giso"]
[Result "1/2-1/2"]
[WhiteElo "2644"]
[BlackElo "2340"]
[EventDate "2017.06.23"]
[PlyCount "97"]

1. e4 e5 2. Nf3 Nc6 3. Bb5 a6 4. Bxc6 dxc6 5. O-O Bg4 6. h3 Bh5 7. g4 Bg6 8. Nxe5 Qh4 9. Qf3 f6 10. Nxg6 hxg6 11. Kg2 g5 12. d3 Bd6 13. Rh1 Ne7 14. Be3 Qh6 15. h4 Ng6 16. h5 Bf4 17. Nc3 Ne5 18. Qh3 Bxe3 19. fxe3 O-O-O 20. Ne2 g6 21. Nd4 c5 22. Ne6 Rde8 23. Nxc5 b6 24. Nb3 f5 25. hxg6 Qg7 26. Qg3 fxe4 27. d4 Nf3 28. Rxh8 Rxh8 29. Rh1 Nh4+ 30. Kf2 Rf8+ 31. Ke2 Qxg6 32. Nd2 Qc6 33. Kd1 Nf3 34. Rh7 Nxd2 35. Kxd2 Rf3 36. Qg1 Qf6 37. Ke2 Qc6 38. Kd2 Qf6 39. Rh2 Kb7 40. a3 Qe6 41. Rh7 Qf6 42. Rh2 Qe6 43. Qg2 Qf7 44. Qe2 b5 45. Qg2 Qf6 46. Ke2 Qc6 47. Kd2 Qf6 48. Qe2 Qe6 49. Qg2 1/2-1/2

[Event "GER-ch 88th"]
[Site "Apolda"]
[Date "2017.06.25"]
[Round "3"]
[White "Meister, Jakob [RUS]"]
[Black "Heimrath, Reiner"]
[Result "1-0"]
[WhiteElo "2433"]
[BlackElo "2231"]
[EventDate "2017.06.23"]
[PlyCount "137"]

1. d4 Nf6 2. Nc3 d5 3. Bf4 e6 4. e3 Bd6 5. Nf3 a6 6. Ne5 Nbd7 7. g4 h6 8. a3 Qe7 9. Bg2 Nf8 10. h4 N6d7 11. Nd3 Ng6 12. Bxd6 cxd6 13. h5 Ngf8 14. Qe2 Nf6 15. f4 N8h7 16. Bf3 Bd7 17. Qg2 Bc6 18. O-O-O O-O-O 19. Nb4 Be8 20. Rdg1 a5 21. Nd3 Nf8 22. g5 N6d7 23. Bxd5 Nb6 24. Ba2 Kb8 25. Qd2 Qc7 26. e4 Rc8 27. gxh6 gxh6 28. Rh3 Na4 29. Nf2 Qb6 30. Nxa4 Bxa4 31. c4 Nd7 32. e5 d5 33. c5 Nxc5 34. dxc5 Rxc5+ 35. Rc3 Rxc3+ 36. bxc3 Rc8 37. Rg3 d4 38. c4 Bc6 39. Qb2 Qc5 40. Nd3 Qe7 41. Kd1 Qh4 42. Qf2 Be4 43. Kd2 Qxh5 44. Bb3 Qh4 45. Bd1 Qd8 46. Nb2 f6 47. exf6 Qxf6 48. Ke1 Rf8 49. Nd3 Bxd3 50. Rxd3 e5 51. f5 Qc6 52. Qf3 Qxc4 53. Qe4 Qc7 54. Rb3 Ka7 55. Bf3 b6 56. Kf2 Qc8 57. Rb2 d3 58. Qe3 Qd8 59. Be4 Rg8 60. Kf1 Rg4 61. Qxd3 Qc7 62. Rc2 Rf4+ 63. Kg1 Qg7+ 64. Rg2 Qc7 65. Rg8 Qc5+ 66. Kh1 Rh4+ 67. Kg2 Rh2+ 68. Kxh2 Qf2+ 69. Kh3 1-0

[Event "GER-ch 88th"]
[Site "Apolda"]
[Date "2017.06.25"]
[Round "3"]
[White "Miller, Eduard"]
[Black "Heinert, Eugen"]
[Result "0-1"]
[WhiteElo "2319"]
[BlackElo "2151"]
[EventDate "2017.06.23"]
[PlyCount "130"]

1. e4 e6 2. d3 d5 3. Nd2 Nf6 4. Ngf3 Nc6 5. c3 e5 6. Be2 Bd6 7. O-O O-O 8. b4 Ne7 9. Re1 Ng6 10. a3 c6 11. Bf1 Re8 12. g3 a5 13. Bb2 Qb6 14. Rb1 axb4 15. axb4 Qc7 16. Qb3 h6 17. c4 d4 18. c5 Bf8 19. Nc4 Be6 20. Qc2 Nd7 21. Bc1 Ra6 22. Bd2 Rea8 23. Rec1 Ra2 24. Rb2 Bxc4 25. dxc4 R2a3 26. Ne1 Nf6 27. Bg2 Qb8 28. Nd3 Qa7 29. Kf1 Be7 30. Ke2 Nd7 31. h4 Ngf8 32. Bh3 Qa4 33. Qxa4 R8xa4 34. f3 h5 35. Be1 f6 36. Rcb1 Kf7 37. f4 g5 38. hxg5 fxg5 39. Bf5 exf4 40. gxf4 gxf4 41. Rb3 Rxb3 42. Rxb3 Ra2+ 43. Kf3 Bg5 44. b5 Kf6 45. Bf2 Ne5+ 46. Nxe5 Kxe5 47. bxc6 bxc6 48. Rb8 Ra3+ 49. Kg2 Ra2 50. Rxf8 Bh4 51. Re8+ Kf6 52. Re6+ Kg7 53. Rg6+ Kf8 54. Rxc6 Bxf2 55. Rc8+ Ke7 56. Rc7+ Kf6 57. Rc6+ Kg5 58. Kf3 Bg3 59. Rg6+ Kh4 60. e5 Ra3+ 61. Ke4 f3 62. Rf6 f2 63. Bd7 Re3+ 64. Kxd4 Re1 65. e6 Be5+ 0-1

[Event "GER-ch 88th"]
[Site "Apolda"]
[Date "2017.06.25"]
[Round "3"]
[White "Rehberg, Raphael"]
[Black "Zude, Arno"]
[Result "1-0"]
[WhiteElo "2264"]
[BlackElo "2398"]
[EventDate "2017.06.23"]
[PlyCount "83"]

1. e4 e5 2. Nf3 Nc6 3. Bc4 Bc5 4. d3 Nf6 5. c3 O-O 6. O-O d6 7. Bb3 a6 8. Nbd2 Ba7 9. Re1 Kh8 10. h3 Ng8 11. Nf1 f5 12. exf5 Bxf5 13. Ng3 Bd7 14. d4 exd4 15. Bg5 Qc8 16. cxd4 Nf6 17. d5 Ne5 18. Nxe5 dxe5 19. Be3 Re8 20. Rc1 Bxe3 21. Rxe3 Qb8 22. Qd3 c6 23. d6 Qa7 24. Qc3 e4 25. Qe1 Qd4 26. Rd1 Qxb2 27. Nxe4 Nxe4 28. Rxe4 Rxe4 29. Qxe4 Re8 30. Qb4 b5 31. Qa5 Rf8 32. Qb6 Qf6 33. Bc2 c5 34. Rf1 Qg5 35. Qxa6 c4 36. Qb7 Bxh3 37. d7 Rd8 38. Re1 Be6 39. Rxe6 Qc1+ 40. Kh2 Qf4+ 41. g3 Qxf2+ 42. Qg2 1-0

[Event "GER-ch 88th"]
[Site "Apolda"]
[Date "2017.06.25"]
[Round "3"]
[White "Schulz, Karsten"]
[Black "Middelhoff, Cornelius"]
[Result "1/2-1/2"]
[WhiteElo "2274"]
[BlackElo "2131"]
[EventDate "2017.06.23"]
[PlyCount "115"]

1. Nf3 c5 2. c4 Nf6 3. g3 b6 4. Bg2 Bb7 5. Nc3 e6 6. O-O Be7 7. b3 O-O 8. Bb2 d6 9. d3 Nc6 10. e4 e5 11. Ng5 Nd7 12. Nh3 Nd4 13. f4 a6 14. Qd2 b5 15. Nd5 Bxd5 16. exd5 Bf6 17. Rf2 exf4 18. Nxf4 b4 19. Raf1 Be5 20. Bh3 Nf6 21. Ne2 Nxe2+ 22. Rxe2 Bxb2 23. Qxb2 Re8 24. Ref2 Qe7 25. Kh1 Qe5 26. Qd2 Qe3 27. Qd1 Re5 28. Rf4 Rae8 29. Kg2 Qe2+ 30. R4f2 Qxd1 31. Rxd1 a5 32. Bf5 R8e7 33. d4 cxd4 34. Rxd4 Ne8 35. Rdd2 Rc7 36. Rfe2 Rxe2+ 37. Rxe2 Kf8 38. Kf2 Nf6 39. Kf3 Re7 40. Rxe7 Kxe7 41. Ke3 g6 42. Bh3 Nd7 43. Bxd7 Kxd7 44. g4 f6 45. Kf4 Kc7 46. Ke4 Kb7 47. Kd4 Kb6 48. h3 Kc7 49. h4 Kb6 50. Ke4 Kb7 51. Kf4 Kb6 52. h5 Kb7 53. Ke4 Kc7 54. Kd3 Kb7 55. Ke3 Kc7 56. Kd4 Kb6 57. h6 Kc7 58. Ke4 1/2-1/2

[Event "GER-ch 88th"]
[Site "Apolda"]
[Date "2017.06.26"]
[Round "4"]
[White "Buhmann, Rainer"]
[Black "Rehberg, Raphael"]
[Result "1/2-1/2"]
[WhiteElo "2588"]
[BlackElo "2264"]
[EventDate "2017.06.23"]
[PlyCount "81"]

1. e4 c5 2. Nf3 e6 3. d4 cxd4 4. Nxd4 a6 5. g3 d5 6. Nb3 dxe4 7. Qxd8+ Kxd8 8. N1d2 Nf6 9. Bg2 b5 10. Nxe4 Bb7 11. f3 Nbd7 12. Bd2 Rc8 13. O-O-O Ke8 14. Rhe1 Nxe4 15. fxe4 Nc5 16. Bc3 Nxb3+ 17. axb3 Rd8 18. Bd4 h5 19. h4 Be7 20. Bf3 f6 21. c3 g6 22. b4 e5 23. Bb6 Rxd1+ 24. Bxd1 Bd8 25. Bc5 Rh7 26. Bb3 Rc7 27. Bd5 Be7 28. Bxb7 Rxb7 29. Kc2 Rc7 30. Ra1 Rc6 31. Kd3 Kd7 32. b3 f5 33. Bxe7 Kxe7 34. c4 fxe4+ 35. Kxe4 bxc4 36. bxc4 Rxc4+ 37. Kxe5 Rxb4 38. Rxa6 Rb5+ 39. Kf4 Kf7 40. Ra7+ Kf6 41. Ra6+ 1/2-1/2

[Event "GER-ch 88th"]
[Site "Apolda"]
[Date "2017.06.26"]
[Round "4"]
[White "Bussard, Christian"]
[Black "Fuchs, Florian"]
[Result "1/2-1/2"]
[WhiteElo "2251"]
[BlackElo "2335"]
[EventDate "2017.06.23"]
[PlyCount "80"]

1. d4 Nf6 2. Bg5 e6 3. e4 c5 4. d5 exd5 5. exd5 d6 6. Qe2+ Qe7 7. Bxf6 gxf6 8. Qxe7+ Bxe7 9. Bd3 Nd7 10. f4 Nb6 11. c4 Na4 12. b3 f5 13. Nd2 Bf6 14. Rc1 Nc3 15. Rc2 b5 16. Ne2 Nxe2 17. Kxe2 b4 18. Re1 O-O 19. Kf3 a5 20. Nf1 a4 21. Ng3 Bh4 22. Ree2 axb3 23. axb3 Ra3 24. Rb2 Bxg3 25. Kxg3 Kg7 26. Re7 Kf6 27. Rc7 Rd8 28. Kf2 Bd7 29. Bb1 Be8 30. Ke1 Rda8 31. Kd1 R8a7 32. Rxa7 Rxa7 33. Re2 Bd7 34. Re3 Ra1 35. Kc1 Ra8 36. Rh3 Rg8 37. g3 Kg7 38. Rh5 Re8 39. Kd2 h6 40. Bc2 Re7 1/2-1/2

[Event "GER-ch 88th"]
[Site "Apolda"]
[Date "2017.06.26"]
[Round "4"]
[White "Goepfert, Jakob"]
[Black "Engel, Luis"]
[Result "0-1"]
[WhiteElo "2109"]
[BlackElo "2319"]
[EventDate "2017.06.23"]
[PlyCount "72"]

1. d4 Nf6 2. Nf3 g6 3. g3 Bg7 4. Bg2 O-O 5. O-O d6 6. c4 Nc6 7. Nc3 e5 8. dxe5 Nxe5 9. Nxe5 dxe5 10. Qxd8 Rxd8 11. Bg5 Rd7 12. Rad1 c6 13. Rxd7 Bxd7 14. Rd1 Be6 15. b3 Kf8 16. Be3 h6 17. Kf1 Ke7 18. Ke1 Bf8 19. Na4 Nd7 20. Nc5 Nxc5 21. Bxc5+ Ke8 22. Bxf8 Kxf8 23. Kd2 Ke7 24. Kc3 a5 25. a3 g5 26. Rd2 h5 27. Rd1 h4 28. Be4 f5 29. Bg2 Rh8 30. Rh1 Kf6 31. e3 Rd8 32. Bf3 e4 33. Bd1 Rd3+ 34. Kc2 a4 35. b4 Bxc4 36. Be2 Bb3+ 0-1

[Event "GER-ch 88th"]
[Site "Apolda"]
[Date "2017.06.26"]
[Round "4"]
[White "Heimrath, Reiner"]
[Black "Hoefelsauer, Thomas"]
[Result "0-1"]
[WhiteElo "2231"]
[BlackElo "2395"]
[EventDate "2017.06.23"]
[PlyCount "116"]

1. d4 d5 2. Bf4 Nf6 3. Nc3 c6 4. e3 Bf5 5. Bd3 e6 6. Nge2 Bd6 7. Bg3 O-O 8. f3 Bxd3 9. Qxd3 c5 10. O-O Nc6 11. dxc5 Bxc5 12. Kh1 Rc8 13. Rfd1 Qe7 14. a3 Rfd8 15. Nd4 Bd6 16. Nxc6 Rxc6 17. Bxd6 Qxd6 18. Nb5 Qc5 19. Nd4 Rc7 20. Rac1 Nd7 21. Qe2 Ne5 22. e4 Rcd7 23. exd5 Rxd5 24. c3 Nc4 25. f4 b5 26. Rf1 Nd6 27. Rce1 Nf5 28. Nf3 a5 29. g4 Ne7 30. f5 R8d6 31. a4 Qc6 32. axb5 Rxb5 33. Kg1 Qb7 34. Rf2 Rdb6 35. b4 axb4 36. c4 Rc5 37. Qd3 Rc8 38. fxe6 Rxe6 39. Rxe6 fxe6 40. Ng5 Ng6 41. Rf7 Qb6+ 42. Kf1 Qc6 43. c5 Qh1+ 44. Ke2 Qxh2+ 45. Kd1 Qg1+ 46. Kd2 Qg2+ 47. Ke1 Qh1+ 48. Ke2 Qh2+ 49. Kf1 Ne5 50. Qa6 Qh1+ 51. Kf2 Ra8 52. Ra7 Rf8+ 53. Nf7 Qf3+ 54. Ke1 Qe3+ 55. Kd1 Nxf7 56. Qc6 Qb3+ 57. Ke2 Ne5 58. Qb7 Qd3+ 0-1

[Event "GER-ch 88th"]
[Site "Apolda"]
[Date "2017.06.26"]
[Round "4"]
[White "Heinert, Eugen"]
[Black "Hirneise, Jens"]
[Result "0-1"]
[WhiteElo "2151"]
[BlackElo "2328"]
[EventDate "2017.06.23"]
[PlyCount "62"]

1. e4 c5 2. Nf3 d6 3. Bb5+ Bd7 4. Bxd7+ Nxd7 5. c4 Ngf6 6. Nc3 Ne5 7. O-O Nxf3+ 8. Qxf3 Nd7 9. e5 Nxe5 10. Qxb7 Qc8 11. Qe4 f5 12. Qe2 e6 13. Re1 Kf7 14. b3 Nc6 15. Bb2 Nd4 16. Qd3 Be7 17. Ne2 e5 18. f4 Bf6 19. fxe5 dxe5 20. Nc3 e4 21. Qb1 Re8 22. Nd5 Qc6 23. Bc3 Be5 24. Ne3 Qh6 25. Nf1 Re6 26. Qb2 Rae8 27. Re3 Rg6 28. Kh1 f4 29. Rxe4 f3 30. g3 Qh3 31. d3 Ne2 0-1

[Event "GER-ch 88th"]
[Site "Apolda"]
[Date "2017.06.26"]
[Round "4"]
[White "Jahncke, Giso"]
[Black "Bischoff, Klaus"]
[Result "0-1"]
[WhiteElo "2340"]
[BlackElo "2504"]
[EventDate "2017.06.23"]
[PlyCount "46"]

1. d4 e6 2. e4 c5 3. d5 exd5 4. exd5 d6 5. Nf3 Nf6 6. Bd3 Be7 7. O-O O-O 8. Nc3 Na6 9. Re1 Nc7 10. Bc4 Re8 11. h3 a6 12. a4 b6 13. Bf4 Rb8 14. Qd3 Qd7 15. Ng5 b5 16. axb5 axb5 17. Ba2 c4 18. Qf3 Bb7 19. Rad1 Ncxd5 20. Nxd5 Nxd5 21. Rxe7 Qxe7 22. Rxd5 h6 23. Bxd6 Bxd5 0-1

[Event "GER-ch 88th"]
[Site "Apolda"]
[Date "2017.06.26"]
[Round "4"]
[White "Jugelt, Tobias"]
[Black "Buecker, Stefan"]
[Result "1-0"]
[WhiteElo "2431"]
[BlackElo "2291"]
[EventDate "2017.06.23"]
[PlyCount "95"]

1. d4 Nc6 2. Nf3 e6 3. c4 Nf6 4. a3 d5 5. e3 Be7 6. Nc3 Nb8 7. Bd3 Nbd7 8. b4 a5 9. b5 dxc4 10. Bxc4 Bd6 11. Bb2 O-O 12. O-O Qe7 13. Qc2 Kh8 14. h3 c5 15. dxc5 Bxc5 16. Rfd1 h6 17. Na4 Bd6 18. Bb3 Rb8 19. e4 Ne8 20. Qd2 e5 21. b6 Ndf6 22. Qxa5 Nh5 23. Rxd6 Qxd6 24. Bxe5 Qg6 25. Bxb8 Bxh3 26. Nh4 Qf6 27. Qxh5 Qxa1+ 28. Kh2 Nf6 29. Be5 Qxe5+ 30. Qxe5 Ng4+ 31. Kxh3 Nxe5 32. Nc5 Rc8 33. Na4 g5 34. Nf5 Rc1 35. f3 h5 36. Bd5 Rh1+ 37. Kg3 h4+ 38. Kf2 Nd3+ 39. Ke3 Nf4 40. Bxb7 Ra1 41. Bc6 Rxa3+ 42. Kd4 Ne6+ 43. Ke5 Nd8 44. Nd4 Ra2 45. b7 Nxb7 46. Bxb7 Rxa4 47. Bc8 f6+ 48. Kxf6 1-0

[Event "GER-ch 88th"]
[Site "Apolda"]
[Date "2017.06.26"]
[Round "4"]
[White "Kalinitschew, Sergey"]
[Black "Meier, Georg"]
[Result "1/2-1/2"]
[WhiteElo "2426"]
[BlackElo "2644"]
[EventDate "2017.06.23"]
[PlyCount "81"]

1. Nf3 Nf6 2. c4 e6 3. Nc3 d5 4. d4 Be7 5. Bf4 O-O 6. e3 c5 7. dxc5 Bxc5 8. cxd5 Nxd5 9. Nxd5 exd5 10. Bd3 Bb4+ 11. Nd2 Nc6 12. O-O Be7 13. a3 Bf6 14. Rc1 g6 15. b4 a5 16. b5 Ne5 17. Be2 Be6 18. Nb3 Qe7 19. a4 Rfd8 20. Nd4 Nc4 21. b6 Be5 22. Rxc4 Bxf4 23. Nxe6 dxc4 24. Nxd8 Rxd8 25. Qc2 Bd6 26. Bxc4 Bc5 27. Rb1 Bb4 28. Rd1 Rxd1+ 29. Qxd1 Kg7 30. g3 Qc5 31. Qb3 f6 32. Qd3 Qd6 33. Qe4 Qxb6 34. Bd5 f5 35. Qe5+ Qf6 36. Qc7+ Qe7 37. Qb6 Qd7 38. Qxb7 Qxb7 39. Bxb7 Kf6 40. f4 h6 41. Kf2 1/2-1/2

[Event "GER-ch 88th"]
[Site "Apolda"]
[Date "2017.06.26"]
[Round "4"]
[White "Keymer, Vincent"]
[Black "Huschenbeth, Niclas"]
[Result "1-0"]
[WhiteElo "2411"]
[BlackElo "2585"]
[EventDate "2017.06.23"]
[PlyCount "123"]

1. d4 d5 2. c4 dxc4 3. e4 Nc6 4. Nf3 Nf6 5. Nc3 Bg4 6. Be3 e6 7. Bxc4 Bb4 8. Qd3 Bh5 9. a3 Ba5 10. Bb5 O-O 11. b4 Bb6 12. Bxc6 bxc6 13. Ne5 Qd6 14. Qc4 a5 15. Nxc6 axb4 16. e5 Qd7 17. exf6 bxc3 18. fxg7 Kxg7 19. Qxc3 f6 20. O-O Ra4 21. Rfc1 Bg6 22. Qb3 Rfa8 23. Nb4 Be4 24. Rc3 Qd6 25. Qb2 Ba5 26. Rac1 c6 27. Qe2 Kh8 28. Bg5 fxg5 29. Qxe4 Bxb4 30. axb4 Rxb4 31. Rxc6 Rxd4 32. Qf3 Qf4 33. Qxf4 Rxf4 34. Rxe6 Rc4 35. Rce1 Rac8 36. Re7 Rc1 37. Kf1 Rxe1+ 38. Kxe1 Rc2 39. h3 h6 40. g3 Kg8 41. Kf1 Ra2 42. Kg2 Ra4 43. Kf3 Rb4 44. Re4 Rb2 45. h4 gxh4 46. Rxh4 Kg7 47. Rf4 h5 48. Kg2 Kg6 49. Kh3 Kg5 50. Rf8 Ra2 51. f4+ Kg6 52. Rb8 Ra1 53. Rb6+ Kg7 54. Kh4 Rh1+ 55. Kg5 h4 56. g4 h3 57. Rh6 h2 58. f5 Kg8 59. f6 Kf7 60. Rh7+ Ke6 61. Re7+ Kd6 62. Re2 1-0

[Event "GER-ch 88th"]
[Site "Apolda"]
[Date "2017.06.26"]
[Round "4"]
[White "Middelhoff, Cornelius"]
[Black "Kersten, Uwe"]
[Result "0-1"]
[WhiteElo "2131"]
[BlackElo "2257"]
[EventDate "2017.06.23"]
[PlyCount "106"]

1. d4 Nf6 2. c4 c5 3. d5 b5 4. cxb5 a6 5. bxa6 g6 6. Nc3 Bxa6 7. g3 d6 8. Bg2 Bg7 9. Nf3 Nfd7 10. O-O Nb6 11. Re1 N8d7 12. Rb1 O-O 13. e4 Nc4 14. Qc2 Qa5 15. Rd1 Rfb8 16. Bd2 Nxd2 17. Nxd2 Ne5 18. Nb3 Qb4 19. Nc1 Nc4 20. Nd3 Qa5 21. Rbc1 Bh6 22. Ra1 Bg7 23. Rac1 Ne5 24. Nxe5 Bxe5 25. Rd2 Rb4 26. Bf1 Bxf1 27. Kxf1 Rab8 28. b3 c4 29. Nd1 cxb3 30. axb3 Rxe4 31. Ne3 Reb4 32. Rb1 Rxb3 33. Rxb3 Rxb3 34. Qxb3 Qxd2 35. Qb7 Bf6 36. Kg2 h5 37. h4 Qe2 38. Qc8+ Kg7 39. Qc4 Qxc4 40. Nxc4 Bd4 41. Kf3 Bc5 42. Ke2 Kf6 43. f4 e6 44. Kf3 exd5 45. Nb2 Ke6 46. Nd3 f5 47. Ke2 Kd7 48. Ke1 Kc6 49. Kf1 Kb5 50. Ke2 Kc4 51. Nb2+ Kc3 52. Nd3 Bg1 53. Ne1 d4 0-1

[Event "GER-ch 88th"]
[Site "Apolda"]
[Date "2017.06.26"]
[Round "4"]
[White "Neyman, Igor"]
[Black "Meister, Jakob [RUS]"]
[Result "1/2-1/2"]
[WhiteElo "2308"]
[BlackElo "2433"]
[EventDate "2017.06.23"]
[PlyCount "179"]

1. d4 e6 2. c4 Bb4+ 3. Nd2 d5 4. Qa4+ Nc6 5. e3 Bd7 6. Qc2 a5 7. Ngf3 Nf6 8. a3 Bxd2+ 9. Bxd2 O-O 10. Bd3 a4 11. O-O Na5 12. Bb4 Re8 13. Ne5 dxc4 14. Bxc4 Nxc4 15. Qxc4 Ra6 16. Qc2 Bb5 17. Rfc1 Nd5 18. Qd2 f6 19. Nf3 Bc6 20. Rc5 Nxb4 21. Qxb4 Bxf3 22. gxf3 b6 23. Rc6 Qd5 24. Rxc7 Qxf3 25. Qb5 Qg4+ 26. Kf1 Raa8 27. Qc6 h5 28. Rc1 Kh7 29. Qg2 Ra5 30. h3 Qxg2+ 31. Kxg2 e5 32. R1c4 exd4 33. Rxd4 Rg5+ 34. Kf3 b5 35. Rd6 Kh6 36. Rdd7 Ree5 37. Rd4 Rg1 38. Rc2 Reg5 39. b3 axb3 40. Rb2 Rh1 41. h4 Rh3+ 42. Ke2 Rf5 43. Rxb3 Rh2 44. Rf4 Rxf4 45. exf4 Rxh4 46. Ke3 Rh3+ 47. f3 Rh2 48. Rxb5 Ra2 49. Rb8 Rxa3+ 50. Kf2 Ra5 51. Kg3 Kg6 52. Rb7 Ra4 53. Rb5 Kh6 54. Rb6 Ra1 55. Rc6 Re1 56. Ra6 Kg6 57. Ra5 Rb1 58. Rc5 Rb4 59. Ra5 Kh6 60. Ra6 h4+ 61. Kxh4 Rxf4+ 62. Kg3 g5 63. Rb6 Kg6 64. Ra6 Rd4 65. Rb6 Rd5 66. Ra6 Kf5 67. Rb6 Ke5 68. Ra6 Rd7 69. Ra5+ Ke6 70. Ra6+ Kf7 71. Ra5 Rd6 72. Rb5 Kg6 73. Ra5 f5 74. Ra8 Rd3 75. Kg2 Kf6 76. Re8 Rd2+ 77. Kg1 Ra2 78. Kf1 Ra6 79. Kf2 Kg6 80. Kg3 Kh5 81. Rh8+ Rh6 82. Rg8 Rb6 83. Rh8+ Kg6 84. Rg8+ Kf6 85. Rf8+ Ke5 86. Rg8 g4 87. fxg4 f4+ 88. Kf2 Rb2+ 89. Kf3 Rb3+ 90. Kf2 1/2-1/2

[Event "GER-ch 88th"]
[Site "Apolda"]
[Date "2017.06.26"]
[Round "4"]
[White "Nisipeanu, Liviu Dieter"]
[Black "Donchenko, Alexander"]
[Result "1-0"]
[WhiteElo "2683"]
[BlackElo "2573"]
[EventDate "2017.06.23"]
[PlyCount "57"]

1. d4 Nf6 2. Nf3 e6 3. c4 c5 4. e3 d5 5. cxd5 Nxd5 6. e4 Nf6 7. Nc3 cxd4 8. Nxd4 e5 9. Bb5+ Bd7 10. Nf5 Bxb5 11. Nxb5 Qa5+ 12. Nc3 g6 13. Ne3 Bb4 14. O-O Bxc3 15. bxc3 Qxc3 16. Rb1 O-O 17. Rxb7 Qc6 18. Nd5 Nxd5 19. Qxd5 Qxd5 20. exd5 Rd8 21. Re7 Nd7 22. f4 exf4 23. Bxf4 Nf6 24. Bc7 Re8 25. d6 Nd5 26. Rxe8+ Rxe8 27. d7 Nxc7 28. dxe8=Q+ Nxe8 29. Rc1 1-0